000 00771cam a2200229 a 4500
999 _c3456
_d3456
003 OSt
005 20211116061843.0
008 870917s1986 enka b 001 0 eng
020 _a0199210470
040 _cALUPE UNIVERSITY COLLEGE
050 0 0 _aRC682
_b.D38 1986
100 1 _aDavies, M. J.
245 1 0 _aColor atlas of cardiovascular pathology /
_cby M.J. Davies.
260 _aLondon :
_bH. Miller Publishers ;
_aOxford ;
_aNew York :
_bOxford University Press,
_cc1986.
300 _a185 p. :
_bill. (some col.) ;
_c28 cm.
440 0 _aOxford color atlases of pathology ;
_v4
500 _aIncludes index.
504 _aBibliography: p. 178-180.
650 0 _aHeart
_xDiseases
_xAtlases.
906 _a7
_bcbc
_corignew
_d3
_encip
_f19
_gy-gencatlg
942 _2lcc
_cBK
_nPW